Normal view
MARC view
- COLES
Entry Personal Name
001 - CONTROL NUMBER
- control field: 65515
003 - CONTROL NUMBER IDENTIFIER
- control field: NUST
005 - DATE AND TIME OF LATEST TRANSACTION
- control field: 20210628203439.0
008 - FIXED-LENGTH DATA ELEMENTS
- fixed length control field: 210628|| aca||aabn | a|a d
040 ## - CATALOGING SOURCE
- Original cataloging agency: NUST
- Transcribing agency: NUST
100 ## - HEADING--PERSONAL NAME
- Personal name: COLES
670 ## - SOURCE DATA FOUND
- Source citation: Work cat.: (NUST): COLES, TELEVISION REPAIRS MADE EASY , THE EDITORS OF ELECTRONIC TECHNICIAN DEALERS, 1985
